000 00416nam a2200109Ia 4500
008 160909s9999 xx 000 0 und d
100 _aMallett, Christopher.
245 2 _aA study of postsecondary competency-based education practices in the context of disruptive innovation theory
260 _bPepperdine University
_c2016
650 _aEDUC/SPED
856 _uhttp://pqdtopen.proquest.com/doc/1807951046.html?FMT=ABS
999 _c305019
_d305019